Essentials of marketing / (Record no. 138560)

MARC details
000 -LEADER
fixed length control field 00837nam a2200265 a 4500
003 - CONTROL NUMBER IDENTIFIER
control field OSt
005 - DATE AND TIME OF LATEST TRANSACTION
control field 20240220102112.0
008 - FIXED-LENGTH DATA ELEMENTS--GENERAL INFORMATION
fixed length control field
020 ## - INTERNATIONAL STANDARD BOOK NUMBER
International Standard Book Number 0273693581 (paperback.)
040 ## - CATALOGING SOURCE
Transcribing agency NUST
Original cataloging agency NUST
Language of cataloging eng
Modifying agency NUST
Description conventions rda
049 ## - LOCAL HOLDINGS (OCLC)
Holding library MAIN
050 ## - LIBRARY OF CONGRESS CALL NUMBER
Classification number HF5415 BLY
090 ## - LOCALLY ASSIGNED LC-TYPE CALL NUMBER (OCLC); LOCAL CALL NUMBER (RLIN)
Classification number (OCLC) (R) ; Classification number, CALL (RLIN) (NR) HF5415
Local cutter number (OCLC) ; Book number/undivided call number, CALL (RLIN) BLY
100 1# - MAIN ENTRY--PERSONAL NAME
Personal name Blythe, Jim.
Relator term Author
Fuller form of name Jim Blythe
245 10 - TITLE STATEMENT
Title Essentials of marketing /
Statement of responsibility, etc. by Jim Blythe.
250 ## - EDITION STATEMENT
Edition statement Third Edition
260 ## - PUBLICATION, DISTRIBUTION, ETC.
Place of publication, distribution, etc. Harlow :
Name of publisher, distributor, etc. Prentice Hall,
Date of publication, distribution, etc. ©2004.
300 ## - PHYSICAL DESCRIPTION
Extent xix, 354 pages.
Other physical details illustrations. ;
Dimensions 26 cm.
336 ## - CONTENT TYPE
Source rdacontent
Content type term text
Content type code txt
337 ## - MEDIA TYPE
Source rdamedia
Media type term unmediated
Media type code n
338 ## - CARRIER TYPE
Source rdacarrier
Carrier type term volume
Carrier type code nc
504 ## - BIBLIOGRAPHY, ETC. NOTE
Bibliography, etc. note Includes bibliographical references and index.
650 #1 - SUBJECT ADDED ENTRY--TOPICAL TERM
Topical term or geographic name entry element Marketing.
942 ## - ADDED ENTRY ELEMENTS (KOHA)
Koha item type Ordinary Loan Books
Call number prefix HF
Call number suffix BLY
Source of classification or shelving scheme Library of Congress Classification
Edition Third Edition
Classification part HF5415
Suppress in OPAC No
Holdings
Date last seen Total Checkouts Full call number Barcode Accession number Cost, replacement price Price effective from Koha item type Public note Lost status Source of classification or shelving scheme Damaged status Not for loan Collection Withdrawn status Home library Current library Shelving location Date acquired Source of acquisition Cost, normal purchase price
01/23/2023 42 HF5415 BLY 92004020766 43125 47.00 01/23/2023 BOOKS Donation   LCC     NFIC   MAIN MAIN GEN 01/23/2023 Book Aid International 47.00